[Event "Stay Safe Play From Home 380"]
[Site "Emanuel Lasker Arena"]
[Date "2020.08.13"]
[Round "8"]
[White "SelamiSahin"]
[Black "Padmaesh M K"]
[Result "1-0"]
[WhiteElo "2118"]
[BlackElo "1847"]
[PlyCount "77"]
[EventDate "2020.08.13"]
[EventType "swiss (blitz)"]

{Yarar, Atakan} 1. c3 {[%emt 0:00:01]} e6 {[%emt 0:00:00]} 2. d4 {[%emt 0:00:00]} d5 {[%emt 0:00:02]} 3. Nf3 {[%emt 0:00:00]} c5 {[%emt 0:00:00]} 4. Bf4 {[%emt 0:00:01]} cxd4 {[%emt 0:00:00]} 5. cxd4 {[%emt 0:00:00]} Nc6 {[%emt 0:00:00]} 6. e3 {[%emt 0:00:00]} Bd6 {[%emt 0:00:00]} 7. Qb3 {[%emt 0:00:00]} Bxf4 {[%emt 0:00:01]} 8. exf4 {[%emt 0:00:00]} Qc7 {[%emt 0:00:01]} 9. Nc3 {[%emt 0:00:01]} Qxf4 {[%emt 0:00:02]} 10. Bb5 {[%emt 0:00:00]} Nge7 {[%emt 0:00:02]} 11. O-O {[%emt 0:00:01]} O-O {[%emt 0:00:01]} 12. Rac1 {[%emt 0:00:01]} Nxd4 {[%emt 0:00:01]} 13. Nxd4 {[%emt 0:00:01]} Qxd4 {[%emt 0:00:00]} 14. Be2 {[%emt 0:00:00]} Qf6 {[%emt 0:00:05]} 15. Nb5 {[%emt 0:00:01]} Nc6 {[%emt 0:00:16]} 16. Nc7 {[%emt 0:00:01]} Rb8 {[%emt 0:00:01]} 17. Rxc6 {[%emt 0:00:01]} bxc6 {[%emt 0:00:01]} 18. Qxb8 {[%emt 0:00:00]} Ba6 {[%emt 0:00:02]} 19. Qxa7 {[%emt 0:00:07]} Bxe2 {[%emt 0:00:00]} 20. Re1 {[%emt 0:00:00]} Bh5 {[%emt 0:00:02]} 21. Qb7 {[%emt 0:00:02]} Qd4 {[%emt 0:00:01]} 22. Qxc6 {[%emt 0:00:03]} Qd2 {[%emt 0:00:01]} 23. Rf1 {[%emt 0:00:02]} Be2 {[%emt 0:00:01]} 24. Rc1 {[%emt 0:00:02]} Qxb2 {[%emt 0:00:01]} 25. h3 {[%emt 0:00:02]} Qxa2 {[%emt 0:00:01]} 26. Rc2 {[%emt 0:00:01]} Qb1+ {[%emt 0:00:01]} 27. Kh2 {[%emt 0:00:01]} Bc4 {[%emt 0:00:01]} 28. Rxc4 {[%emt 0:00:03]} dxc4 {[%emt 0:00:01]} 29. Qxc4 {[%emt 0:00:00]} Qf5 {[%emt 0:00:01]} 30. f4 {[%emt 0:00:06]} Rc8 {[%emt 0:00:02]} 31. Qc6 {[%emt 0:00:01]} Qa5 {[%emt 0:00:01]} 32. Qb7 {[%emt 0:00:06]} Qxc7 {[%emt 0:00:00]} 33. Qf3 {[%emt 0:00:00]} Qc3 {[%emt 0:00:01]} 34. Qg4 {[%emt 0:00:01]} Qc4 {[%emt 0:00:01]} 35. h4 {[%emt 0:00:01]} f5 {[%emt 0:00:00]} 36. Qg5 {[%emt 0:00:01]} Qe4 {[%emt 0:00:00]} 37. h5 {[%emt 0:00:01]} Rc2 {[%emt 0:00:00]} 38. h6 {[%emt 0:00:00]} Rc4 {[%emt 0:00:00]} 39. Qxg7# {[%emt 0:00:01] (Lag: Av=1.05s, max=3.0s) (Lag: Av=1.05s, max=3.0s) (Lag: Av=1.05s, max=3.0s)} 1-0

[Event "Stay Safe Play From Home 380"]
[Site "Emanuel Lasker Arena"]
[Date "2020.08.13"]
[Round "8"]
[White "Lazieri3"]
[Black "Broken sword"]
[Result "0-1"]
[WhiteElo "2113"]
[BlackElo "2490"]
[PlyCount "126"]
[EventDate "2020.08.13"]
[EventType "swiss (blitz)"]

1. e4 {[%emt 0:00:00]} c5 {[%emt 0:00:00]} 2. Nc3 {[%emt 0:00:00]} e6 {[%emt 0:00:00]} 3. d3 {[%emt 0:00:00]} a6 {[%emt 0:00:00]} 4. Nf3 {[%emt 0:00:00]} d5 {[%emt 0:00:00]} 5. exd5 {[%emt 0:00:01]} exd5 {[%emt 0:00:00]} 6. d4 {[%emt 0:00:00]} cxd4 {[%emt 0:00:01]} 7. Nxd4 {[%emt 0:00:02]} Nf6 {[%emt 0:00:00]} 8. Be3 {[%emt 0:00:01]} Be7 {[%emt 0:00:00]} 9. Bd3 {[%emt 0:00:01]} Nc6 {[%emt 0:00:00]} 10. O-O {[%emt 0:00:01]} O-O {[%emt 0:00:00]} 11. h3 {[%emt 0:00:00]} Nxd4 {[%emt 0:00:02]} 12. Bxd4 {[%emt 0:00:01]} Be6 {[%emt 0:00:00]} 13. Ne2 {[%emt 0:00:01]} Rc8 {[%emt 0:00:01]} 14. c3 {[%emt 0:00:00]} Re8 {[%emt 0:00:01]} 15. Ng3 {[%emt 0:00:01]} Bc5 {[%emt 0:00:01]} 16. Bxc5 {[%emt 0:00:02]} Rxc5 {[%emt 0:00:00]} 17. Nh5 {[%emt 0:00:01]} b5 {[%emt 0:00:02]} 18. Nxf6+ {[%emt 0:00:02]} Qxf6 {[%emt 0:00:00]} 19. Re1 {[%emt 0:00:01]} Rb8 {[%emt 0:00:01]} 20. a3 {[%emt 0:00:01]} a5 {[%emt 0:00:01]} 21. Qe2 {[%emt 0:00:01]} b4 {[%emt 0:00:02]} 22. axb4 {[%emt 0:00:00]} axb4 {[%emt 0:00:00]} 23. Rac1 {[%emt 0:00:02]} bxc3 {[%emt 0:00:01]} 24. bxc3 {[%emt 0:00:00]} Rxc3 {[%emt 0:00:01]} 25. Rxc3 {[%emt 0:00:02]} Qxc3 {[%emt 0:00:00]} 26. Rd1 {[%emt 0:00:07]} g6 {[%emt 0:00:01]} 27. Qf3 {[%emt 0:00:04]} Rb2 {[%emt 0:00:02]} 28. Qf4 {[%emt 0:00:04]} Kg7 {[%emt 0:00:01]} 29. Bf1 {[%emt 0:00:03]} Qf6 {[%emt 0:00:01]} 30. Qxf6+ {[%emt 0:00:02]} Kxf6 {[%emt 0:00:00]} 31. g3 {[%emt 0:00:01]} h5 {[%emt 0:00:01]} 32. Bg2 {[%emt 0:00:01]} Ke5 {[%emt 0:00:01]} 33. Re1+ {[%emt 0:00:01]} Kd6 {[%emt 0:00:00]} 34. Rd1 {[%emt 0:00:00]} Ra2 {[%emt 0:00:02]} 35. Rb1 {[%emt 0:00:03]} Bf5 {[%emt 0:00:02]} 36. Rb6+ {[%emt 0:00:02]} Ke5 {[%emt 0:00:00]} 37. Rb5 {[%emt 0:00:01]} Be4 {[%emt 0:00:02]} 38. Bxe4 {[%emt 0:00:01]} Kxe4 {[%emt 0:00:00]} 39. Rb7 {[%emt 0:00:01]} f6 {[%emt 0:00:03]} 40. Rb6 {[%emt 0:00:01]} Ke5 {[%emt 0:00:01]} 41. Kg2 {[%emt 0:00:02]} g5 {[%emt 0:00:01]} 42. h4 {[%emt 0:00:01]} gxh4 {[%emt 0:00:01]} 43. gxh4 {[%emt 0:00:00]} Ra4 {[%emt 0:00:00]} 44. Rb8 {[%emt 0:00:00]} Rxh4 {[%emt 0:00:01]} 45. Kf3 {[%emt 0:00:00]} Rh3+ {[%emt 0:00:01]} 46. Ke2 {[%emt 0:00:00]} Ra3 {[%emt 0:00:01]} 47. Rh8 {[%emt 0:00:00]} Rh3 {[%emt 0:00:02]} 48. Kf1 {[%emt 0:00:00]} d4 {[%emt 0:00:01]} 49. Kg2 {[%emt 0:00:00]} Rh4 {[%emt 0:00:00]} 50. Kg3 {[%emt 0:00:01]} Rg4+ {[%emt 0:00:00]} 51. Kf3 {[%emt 0:00:00]} Rg5 {[%emt 0:00:00]} 52. Ke2 {[%emt 0:00:01]} Kf4 {[%emt 0:00:02]} 53. Kd3 {[%emt 0:00:00]} Kf3 {[%emt 0:00:01]} 54. Kxd4 {[%emt 0:00:00]} Kxf2 {[%emt 0:00:00]} 55. Ke4 {[%emt 0:00:00]} Kg3 {[%emt 0:00:01]} 56. Ke3 {[%emt 0:00:00]} Kg4 {[%emt 0:00:01]} 57. Ke2 {[%emt 0:00:00]} f5 {[%emt 0:00:01]} 58. Kf2 {[%emt 0:00:00]} f4 {[%emt 0:00:00]} 59. Kg2 {[%emt 0:00:00]} h4 {[%emt 0:00:01]} 60. Kh2 {[%emt 0:00:01]} Ra5 {[%emt 0:00:02]} 61. Ra8 {[%emt 0:00:00]} Ra2+ {[%emt 0:00:02]} 62. Kh1 {[%emt 0:00:00]} Kg3 {[%emt 0:00:00]} 63. Rg8+ {[%emt 0:00:00]} Kh3 {[%emt 0:00:01]} 0-1

[Event "Stay Safe Play From Home 380"]
[Site "Emanuel Lasker Arena"]
[Date "2020.08.13"]
[Round "8"]
[White "Yuriko"]
[Black "NTBT_DHS"]
[Result "0-1"]
[WhiteElo "2066"]
[BlackElo "2547"]
[Annotator "TA"]
[PlyCount "72"]
[EventDate "2020.08.13"]
[EventType "swiss (blitz)"]

{[%evp 9,72,11,10,8,12,0,4,-14,-16,-16,-33,-23,-21,-77,-70,-60,0,-18,79,106,97,101,253,32,13,0,29,-51,-42,-96,-33,-133,-144,-178,-185,-172,-179,-192,-193,-513,-328,-312,-294,-294,-301,-275,-280,-339,-329,-417,-413,-503,-513,-540,-447,-627,-607,-690,-672,-1297,-1329,-1244,-1196,-1535,-1510]} 1. d4 g6 2. c4 Bg7 3. Nc3 Nf6 4. e4 O-O 5. d5 d6 6. Nf3 {E70: King's Indian: Miscellaneous lines with 4 e4, including 5 Nge2 and 5 Bd3 0-0 6 Nge2.} e6 7. Be2 exd5 {[#]} 8. cxd5 $146 {The position is equal.} ({Predecessor:} 8. exd5 Na6 9. Bg5 h6 10. Be3 Re8 11. Bd4 Bg4 12. O-O Ne4 13. Rc1 Bxf3 14. Bxf3 Nxc3 15. Rxc3 Qh4 16. Bxg7 Kxg7 {0-1 (30) Nalbandian,T (2471)-Petrosian,T (2623) Yerevan 2009}) 8... Re8 9. O-O Nxe4 10. Nxe4 Rxe4 11. Re1 (11. Qc2 $11 Re7 12. Bg5) 11... Bf5 12. Bg5 Qe8 ({Better is} 12... Qc8 $15 13. Qd2 Nd7) 13. Qd2 {Bd3 is the strong threat.} h6 (13... Qa4 $11) 14. Bxh6 $16 Bxh6 15. Qxh6 {[#] Threatens to win with Ng5.} Nd7 $2 (15... Qf8 $16 {keeps fighting.} 16. Qxf8+ Kxf8) 16. Bf1 $2 (16. Ng5 $18 Nf6 17. Nxe4 Qxe4 18. Bf3) 16... Nf6 17. Rxe4 Qxe4 18. Qg5 (18. Rc1 $11) 18... Kg7 $36 {[%mdl 2048] Black has good play.} 19. Nh4 (19. Rd1 $15) 19... Re8 ({Black should play} 19... Bd7 $17 20. Rd1 Rh8) 20. Rd1 ({White should try} 20. Nxf5+ $15 Qxf5 21. Qxf5 gxf5 22. Bc4) 20... Re5 {[#] And now ...Bg4 would win.} 21. Nf3 {Strongly threatening Rd4.} Rxd5 22. Rxd5 Qxd5 23. Nh4 Be6 24. Qg3 $2 (24. Qxd5 {is more resistant.} Bxd5 25. a3) 24... Qxa2 25. Qc3 Qb3 {aiming for ...Qxc3.} 26. Qc1 Ne4 27. Nf3 c5 28. h3 d5 29. Ne1 Qb4 30. Nd3 Qd4 {Black is clearly winning.} 31. Qc2 c4 32. Nf4 (32. Ne1 $142) 32... b5 $19 33. Nxe6+ fxe6 34. b3 a5 35. bxc4 dxc4 36. g3 Nxg3 {Never resign too early! Accuracy: White = 39%, Black = 64%.} 0-1

[Event "Stay Safe Play From Home 380"]
[Site "Emanuel Lasker Arena"]
[Date "2020.08.13"]
[Round "8"]
[White "TheCHESSHOUSE"]
[Black "Mepe_Nika"]
[Result "0-1"]
[WhiteElo "2044"]
[BlackElo "2347"]
[PlyCount "116"]
[EventDate "2020.08.13"]
[EventType "swiss (blitz)"]

1. d4 {[%emt 0:00:03]} d5 {[%emt 0:00:00]} 2. c4 {[%emt 0:00:01]} c6 {[%emt 0:00:01]} 3. cxd5 {[%emt 0:00:00]} cxd5 {[%emt 0:00:01]} 4. Nc3 {[%emt 0:00:00]} Nf6 {[%emt 0:00:01]} 5. Bf4 {[%emt 0:00:00]} Nc6 {[%emt 0:00:00]} 6. Nf3 {[%emt 0:00:01]} a6 {[%emt 0:00:00]} 7. Rc1 {[%emt 0:00:00]} Bg4 {[%emt 0:00:01]} 8. e3 {[%emt 0:00:02]} Rc8 {[%emt 0:00:02]} 9. Be2 {[%emt 0:00:01]} e6 {[%emt 0:00:01]} 10. O-O {[%emt 0:00:01]} Bd6 {[%emt 0:00:01]} 11. h3 {[%emt 0:00:01]} Bxf3 {[%emt 0:00:01]} 12. Bxf3 {[%emt 0:00:01]} Bxf4 {[%emt 0:00:01]} 13. exf4 {[%emt 0:00:01]} O-O {[%emt 0:00:00]} 14. Re1 {[%emt 0:00:04]} Ne7 {[%emt 0:00:01]} 15. Na4 {[%emt 0:00:01]} Nf5 {[%emt 0:00:02]} 16. Qd2 {[%emt 0:00:01]} Nd6 {[%emt 0:00:01]} 17. b3 {[%emt 0:00:01]} Nfe4 {[%emt 0:00:01]} 18. Qd3 {[%emt 0:00:02]} Rxc1 {[%emt 0:00:05]} 19. Rxc1 {[%emt 0:00:00]} b6 {[%emt 0:00:02]} 20. Qxa6 {[%emt 0:00:02]} Qb8 {[%emt 0:00:01]} 21. Qxb6 {[%emt 0:00:02]} Qa8 {[%emt 0:00:02]} 22. Qb4 {[%emt 0:00:04]} h6 {[%emt 0:00:01]} 23. Rc2 {[%emt 0:00:04]} Rd8 {[%emt 0:00:02]} 24. Bxe4 {[%emt 0:00:01]} Nxe4 {[%emt 0:00:01]} 25. Nc5 {[%emt 0:00:00]} Nd6 {[%emt 0:00:03]} 26. a4 {[%emt 0:00:01]} Rb8 {[%emt 0:00:01]} 27. Qa3 {[%emt 0:00:01]} Qa5 {[%emt 0:00:02]} 28. Rb2 {[%emt 0:00:02]} Qe1+ {[%emt 0:00:01]} 29. Kh2 {[%emt 0:00:01]} Qc1 {[%emt 0:00:01]} 30. Nd3 {[%emt 0:00:01]} Qf1 {[%emt 0:00:02]} 31. Qxd6 {[%emt 0:00:01]} Rf8 {[%emt 0:00:02]} 32. Rd2 {[%emt 0:00:03]} Qa1 {[%emt 0:00:04]} 33. Qb4 {[%emt 0:00:01]} Rc8 {[%emt 0:00:02]} 34. Nc5 {[%emt 0:00:01]} Qc1 {[%emt 0:00:02]} 35. a5 {[%emt 0:00:01]} g5 {[%emt 0:00:01]} 36. fxg5 {[%emt 0:00:01]} hxg5 {[%emt 0:00:00]} 37. a6 {[%emt 0:00:00]} Ra8 {[%emt 0:00:01]} 38. a7 {[%emt 0:00:01]} Rxa7 {[%emt 0:00:01]} 39. Qb8+ {[%emt 0:00:01]} Kg7 {[%emt 0:00:00]} 40. Qe5+ {[%emt 0:00:01]} f6 {[%emt 0:00:02]} 41. Nxe6+ {[%emt 0:00:01]} Kf7 {[%emt 0:00:00]} 42. Nxg5+ {[%emt 0:00:02]} fxg5 {[%emt 0:00:01]} 43. Qxg5 {[%emt 0:00:02]} Kf8 {[%emt 0:00:00]} 44. Qf5+ {[%emt 0:00:02]} Rf7 {[%emt 0:00:00]} 45. Qxd5 {[%emt 0:00:02]} Qxd2 {[%emt 0:00:01]} 46. Qd6+ {[%emt 0:00:01]} Kg7 {[%emt 0:00:01]} 47. f3 {[%emt 0:00:01]} Qf4+ {[%emt 0:00:00]} 48. Qxf4 {[%emt 0:00:01]} Rxf4 {[%emt 0:00:00]} 49. d5 {[%emt 0:00:00]} Rd4 {[%emt 0:00:00]} 50. Kg3 {[%emt 0:00:01]} Rxd5 {[%emt 0:00:00]} 51. h4 {[%emt 0:00:00]} Rb5 {[%emt 0:00:00]} 52. Kh3 {[%emt 0:00:00]} Rxb3 {[%emt 0:00:00]} 53. g3 {[%emt 0:00:00]} Rxf3 {[%emt 0:00:01]} 54. Kg4 {[%emt 0:00:00]} Rf7 {[%emt 0:00:00]} 55. h5 {[%emt 0:00:00]} Kh7 {[%emt 0:00:00]} 56. Kh4 {[%emt 0:00:00]} Rg7 {[%emt 0:00:00]} 57. g4 {[%emt 0:00:00]} Rc7 {[%emt 0:00:00]} 58. g5 {[%emt 0:00:00]} Rc4+ {[%emt 0:00:00] Time Time Time (Lag: Av=0.72s, max=3.9s) (Lag: Av=0.72s, max=3.9s) (Lag: Av=0.72s, max=3.9s)} 0-1

[Event "Stay Safe Play From Home 380"]
[Site "Emanuel Lasker Arena"]
[Date "2020.08.13"]
[Round "9"]
[White "NTBT_DHS"]
[Black "TheCHESSHOUSE"]
[Result "1-0"]
[WhiteElo "2549"]
[BlackElo "2039"]
[Annotator "TA"]
[PlyCount "33"]
[EventDate "2020.08.13"]
[EventType "swiss (blitz)"]

{[%evp 9,33,14,283,71,66,74,58,64,124,120,444,468,516,516,505,2,1025,850,1395,1378,1416,1407,1925,1912,1906,1886]} 1. d4 Nf6 2. Nc3 g6 3. Bg5 Bg7 4. e4 d6 5. e5 {[#]} Bg4 $146 {[%mdl 8192] [#]} (5... Nfd7 $11 {and Black is okay.}) ({Predecessor:} 5... Nfd7 6. f4 O-O 7. Nf3 Nb6 8. Be2 Nc6 9. O-O f6 10. exf6 exf6 11. Bh4 d5 12. Ne1 Ne7 13. g4 Nc4 14. Bxc4 dxc4 15. Ng2 {0-1 (35) Gashimov,V (2761)-Ivanchuk,V (2766) Wijk aan Zee 2012}) 6. exf6 $2 {B07: Pirc Defence: Miscellaneous Systems.} (6. f3 $18 {is the precise move to win.}) 6... Bxd1 $16 7. fxg7 Rg8 8. Rxd1 {White is slightly better.} Nc6 (8... d5 $14) 9. Bb5 Qd7 $2 {[%mdl 8192]} (9... f6 $16) 10. d5 $18 a6 11. dxc6 bxc6 12. Bc4 $2 ({White should try} 12. Ba4 $18) 12... e6 $2 {[%mdl 8192]} (12... Qg4 $11 13. Nf3 Qxc4) 13. Nf3 {White is clearly winning.} d5 {[#]} 14. Ne4 $1 {[%mdl 512]} dxe4 15. Rxd7 exf3 16. Re7+ Kd8 17. Rxf7+ {Accuracy: White = 51%, Black = 11%.} 1-0

[Event "Stay Safe Play From Home 380"]
[Site "Emanuel Lasker Arena"]
[Date "2020.08.13"]
[Round "9"]
[White "Broken sword"]
[Black "SelamiSahin"]
[Result "1-0"]
[WhiteElo "2494"]
[BlackElo "2124"]
[PlyCount "65"]
[EventDate "2020.08.13"]
[EventType "swiss (blitz)"]

{- Yarar, Atakan} 1. d4 {[%emt 0:00:01]} c6 {[%emt 0:00:00]} 2. Nf3 {[%emt 0:00:00]} d5 {[%emt 0:00:00]} 3. c4 {[%emt 0:00:00]} Nf6 {[%emt 0:00:00]} 4. cxd5 {[%emt 0:00:00]} cxd5 {[%emt 0:00:01]} 5. Nc3 {[%emt 0:00:00]} Nc6 {[%emt 0:00:00]} 6. Bf4 {[%emt 0:00:00]} Bf5 {[%emt 0:00:01]} 7. e3 {[%emt 0:00:00]} e6 {[%emt 0:00:00]} 8. Bd3 {[%emt 0:00:00]} Bg6 {[%emt 0:00:01]} 9. O-O {[%emt 0:00:01]} Bd6 {[%emt 0:00:00]} 10. Bg5 {[%emt 0:00:01]} h6 {[%emt 0:00:01]} 11. Bxg6 {[%emt 0:00:02]} hxg5 {[%emt 0:00:01]} 12. Bxf7+ {[%emt 0:00:05]} Kxf7 {[%emt 0:00:00]} 13. Nxg5+ {[%emt 0:00:00]} Ke7 {[%emt 0:00:04]} 14. f4 {[%emt 0:00:04]} Qe8 {[%emt 0:00:02]} 15. h3 {[%emt 0:00:01]} Qh5 {[%emt 0:00:01]} 16. Qd3 {[%emt 0:00:02]} a6 {[%emt 0:00:04]} 17. Rae1 {[%emt 0:00:01]} Raf8 {[%emt 0:00:01]} 18. Ne2 {[%emt 0:00:01]} Qh4 {[%emt 0:00:05]} 19. Rf2 {[%emt 0:00:03]} Nb4 {[%emt 0:00:01]} 20. Qd2 {[%emt 0:00:01]} b5 {[%emt 0:00:01]} 21. Nc1 {[%emt 0:00:02]} Nc6 {[%emt 0:00:02]} 22. Nd3 {[%emt 0:00:01]} Rc8 {[%emt 0:00:02]} 23. Rff1 {[%emt 0:00:01]} a5 {[%emt 0:00:03]} 24. Rc1 {[%emt 0:00:01]} Nb4 {[%emt 0:00:01]} 25. Ne5 {[%emt 0:00:05]} Rh6 {[%emt 0:00:06]} 26. a3 {[%emt 0:00:03]} Rxc1 {[%emt 0:00:04]} 27. Rxc1 {[%emt 0:00:01]} Na6 {[%emt 0:00:02]} 28. Qxa5 {[%emt 0:00:03]} Nc7 {[%emt 0:00:01]} 29. Rxc7+ {[%emt 0:00:01]} Bxc7 {[%emt 0:00:00]} 30. Qxc7+ {[%emt 0:00:00]} Ke8 {[%emt 0:00:01]} 31. Qf7+ {[%emt 0:00:03]} Kd8 {[%emt 0:00:01]} 32. Nxe6+ {[%emt 0:00:00]} Kc8 {[%emt 0:00:03]} 33. Qc7# {[%emt 0:00:01] (Lag: Av=0.49s, max=1.5s) (Lag: Av=0.49s, max=1.5s) (Lag: Av=0.49s, max=1.5s)} 1-0

[Event "Stay Safe Play From Home 380"]
[Site "Emanuel Lasker Arena"]
[Date "2020.08.13"]
[Round "9"]
[White "AChessPlayer"]
[Black "IceQueen"]
[Result "1-0"]
[WhiteElo "2459"]
[BlackElo "2267"]
[PlyCount "81"]
[EventDate "2020.08.13"]
[EventType "swiss (blitz)"]

1. Nf3 {[%emt 0:00:00]} d6 {[%emt 0:00:00]} 2. g3 {[%emt 0:00:00]} Nf6 {[%emt 0:00:00]} 3. Bg2 {[%emt 0:00:00]} g6 {[%emt 0:00:00]} 4. O-O {[%emt 0:00:00]} Bg7 {[%emt 0:00:00]} 5. d4 {[%emt 0:00:00]} O-O {[%emt 0:00:00]} 6. Nc3 {[%emt 0:00:00]} Nbd7 {[%emt 0:00:00]} 7. e4 {[%emt 0:00:01]} e5 {[%emt 0:00:00]} 8. h3 {[%emt 0:00:01]} exd4 {[%emt 0:00:00]} 9. Nxd4 {[%emt 0:00:00]} Re8 {[%emt 0:00:00]} 10. Re1 {[%emt 0:00:00]} Nc5 {[%emt 0:00:00]} 11. Bg5 {[%emt 0:00:01]} a5 {[%emt 0:00:01]} 12. Qd2 {[%emt 0:00:01]} a4 {[%emt 0:00:02]} 13. a3 {[%emt 0:00:02]} Bd7 {[%emt 0:00:01]} 14. Rad1 {[%emt 0:00:00]} Re5 {[%emt 0:00:01]} 15. Bf4 {[%emt 0:00:01]} Rh5 {[%emt 0:00:01]} 16. g4 {[%emt 0:00:01]} Re5 {[%emt 0:00:04]} 17. Bxe5 {[%emt 0:00:01]} dxe5 {[%emt 0:00:00]} 18. Nf3 {[%emt 0:00:01]} c6 {[%emt 0:00:05]} 19. Nxe5 {[%emt 0:00:02]} Qe7 {[%emt 0:00:00]} 20. Nxd7 {[%emt 0:00:01]} Nfxd7 {[%emt 0:00:00]} 21. Qd6 {[%emt 0:00:04]} Qe8 {[%emt 0:00:01]} 22. f4 {[%emt 0:00:02]} Bf8 {[%emt 0:00:01]} 23. Qd2 {[%emt 0:00:01]} Nb6 {[%emt 0:00:01]} 24. e5 {[%emt 0:00:01]} Ne6 {[%emt 0:00:01]} 25. Ne4 {[%emt 0:00:01]} Bc5+ {[%emt 0:00:00]} 26. Nxc5 {[%emt 0:00:01]} Nxc5 {[%emt 0:00:00]} 27. Qc3 {[%emt 0:00:00]} Ne6 {[%emt 0:00:01]} 28. f5 {[%emt 0:00:00]} Nf4 {[%emt 0:00:02]} 29. Qg3 {[%emt 0:00:01]} Nxg2 {[%emt 0:00:01]} 30. Qxg2 {[%emt 0:00:00]} Nd5 {[%emt 0:00:00]} 31. f6 {[%emt 0:00:01]} Rc8 {[%emt 0:00:07]} 32. Qd2 {[%emt 0:00:01]} Qf8 {[%emt 0:00:01]} 33. c4 {[%emt 0:00:01]} Nc7 {[%emt 0:00:02]} 34. Qd7 {[%emt 0:00:02]} Ne6 {[%emt 0:00:01]} 35. Qe7 {[%emt 0:00:02]} Qh6 {[%emt 0:00:02]} 36. Rd3 {[%emt 0:00:05]} Qh4 {[%emt 0:00:04]} 37. Re2 {[%emt 0:00:02]} Rf8 {[%emt 0:00:00]} 38. Rf2 {[%emt 0:00:05]} Ng5 {[%emt 0:00:02]} 39. Kg2 {[%emt 0:00:02]} Ne6 {[%emt 0:00:02]} 40. Rd6 {[%emt 0:00:02]} Nd8 {[%emt 0:00:10]} 41. Qxf8+ {[%emt 0:00:01] IceQueen resigns IceQueen resigns IceQueen resigns (Lag: Av=0.46s, max=0.6s) (Lag: Av=0.46s, max=0.6s) (Lag: Av=0.46s, max=0.6s)} 1-0

[Event "Stay Safe Play From Home 380"]
[Site "Emanuel Lasker Arena"]
[Date "2020.08.13"]
[Round "9"]
[White "Lamborghini"]
[Black "Yuriko"]
[Result "1-0"]
[WhiteElo "2312"]
[BlackElo "2064"]
[PlyCount "87"]
[EventDate "2020.08.13"]
[EventType "swiss (blitz)"]

1. e4 {[%emt 0:00:01]} c5 {[%emt 0:00:01]} 2. Nf3 {[%emt 0:00:01]} d6 {[%emt 0:00:00]} 3. d4 {[%emt 0:00:00]} cxd4 {[%emt 0:00:00]} 4. Nxd4 {[%emt 0:00:00]} a6 {[%emt 0:00:00]} 5. Nc3 {[%emt 0:00:01]} Nf6 {[%emt 0:00:00]} 6. Bg5 {[%emt 0:00:02]} e6 {[%emt 0:00:01]} 7. f4 {[%emt 0:00:01]} Qb6 {[%emt 0:00:01]} 8. Qd3 {[%emt 0:00:02]} Qxb2 {[%emt 0:00:02]} 9. Rb1 {[%emt 0:00:01]} Qa3 {[%emt 0:00:01]} 10. Be2 {[%emt 0:00:01]} Be7 {[%emt 0:00:01]} 11. O-O {[%emt 0:00:01]} Nc6 {[%emt 0:00:01]} 12. Nxc6 {[%emt 0:00:01]} bxc6 {[%emt 0:00:01]} 13. Kh1 {[%emt 0:00:02]} Qc5 {[%emt 0:00:01]} 14. Na4 {[%emt 0:00:01]} Qa7 {[%emt 0:00:02]} 15. Nb6 {[%emt 0:00:01]} Rb8 {[%emt 0:00:00]} 16. Nxc8 {[%emt 0:00:01]} Rxc8 {[%emt 0:00:00]} 17. e5 {[%emt 0:00:04]} dxe5 {[%emt 0:00:03]} 18. fxe5 {[%emt 0:00:01]} Nd5 {[%emt 0:00:01]} 19. Bxe7 {[%emt 0:00:08]} Nxe7 {[%emt 0:00:01]} 20. Qxa6 {[%emt 0:00:04]} Qxa6 {[%emt 0:00:00]} 21. Bxa6 {[%emt 0:00:01]} Ra8 {[%emt 0:00:07]} 22. Bd3 {[%emt 0:00:01]} O-O {[%emt 0:00:01]} 23. Rb2 {[%emt 0:00:01]} Nd5 {[%emt 0:00:01]} 24. Rfb1 {[%emt 0:00:01]} Ra5 {[%emt 0:00:04]} 25. g3 {[%emt 0:00:01]} g6 {[%emt 0:00:01]} 26. c4 {[%emt 0:00:01]} Nc3 {[%emt 0:00:01]} 27. Rc1 {[%emt 0:00:01]} Nxa2 {[%emt 0:00:04]} 28. Ra1 {[%emt 0:00:01]} Rfa8 {[%emt 0:00:01]} 29. Kg2 {[%emt 0:00:01]} Nc3 {[%emt 0:00:03]} 30. Rxa5 {[%emt 0:00:01]} Rxa5 {[%emt 0:00:00]} 31. Rb3 {[%emt 0:00:01]} Ra2+ {[%emt 0:00:02]} 32. Kf3 {[%emt 0:00:00]} Na4 {[%emt 0:00:04]} 33. Rb8+ {[%emt 0:00:02]} Kg7 {[%emt 0:00:00]} 34. h4 {[%emt 0:00:00]} Nc3 {[%emt 0:00:02]} 35. h5 {[%emt 0:00:01]} gxh5 {[%emt 0:00:02]} 36. Rd8 {[%emt 0:00:03]} Ra3 {[%emt 0:00:01]} 37. Kf4 {[%emt 0:00:02]} Na4 {[%emt 0:00:01]} 38. Be4 {[%emt 0:00:00]} Nc5 {[%emt 0:00:01]} 39. Bxc6 {[%emt 0:00:01]} Rc3 {[%emt 0:00:02]} 40. Kg5 {[%emt 0:00:01]} Rxc4 {[%emt 0:00:02]} 41. Bf3 {[%emt 0:00:00]} h4 {[%emt 0:00:01]} 42. Bh5 {[%emt 0:00:01]} Rc3 {[%emt 0:00:01]} 43. Rd7 {[%emt 0:00:00]} Rxg3+ {[%emt 0:00:01]} 44. Kf4 {[%emt 0:00:00] Time Time Time (Lag: Av=0.32s, max=0.4s) (Lag: Av=0.32s, max=0.4s) (Lag: Av=0.32s, max=0.4s)} 1-0

[Event "Stay Safe Play From Home 380"]
[Site "Emanuel Lasker Arena"]
[Date "2020.08.13"]
[Round "9"]
[White "Lazieri3"]
[Black "Ao017545"]
[Result "1-0"]
[WhiteElo "2110"]
[BlackElo "1619"]
[Annotator "NA"]
[PlyCount "33"]
[EventDate "2020.08.13"]
[EventType "swiss (blitz)"]

1. e4 {[%emt 0:00:01]} e5 {[%emt 0:00:00]} 2. Nc3 {[%emt 0:00:00]} Nf6 {[%emt 0:00:00]} 3. Nf3 {[%emt 0:00:00]} Bc5 {[%emt 0:00:01]} 4. Bc4 {[%emt 0:00:01]} Ng4 {[%emt 0:00:00]} 5. O-O {[%emt 0:00:02]} d6 {[%emt 0:00:00]} 6. h3 {[%emt 0:00:01]} h5 {[%emt 0:00:03]} 7. d3 {[%emt 0:00:02]} c6 {[%emt 0:00:02]} 8. Bg5 {[%emt 0:00:01]} f6 {[%emt 0:00:03]} 9. Bd2 {[%emt 0:00:02]} f5 {[%emt 0:00:01]} 10. Bg5 {[%emt 0:00:03]} Qd7 {[%emt 0:00:05]} 11. Nh4 {[%emt 0:00:01]} Rg8 {[%emt 0:00:12]} 12. Bxg8 {[%emt 0:00:02]} Kf8 {[%emt 0:00:02]} 13. Bc4 {[%emt 0:00:01]} Nxf2 {[%emt 0:00:00]} 14. Rxf2 {[%emt 0:00:01]} b5 {[%emt 0:00:00]} 15. Bb3 {[%emt 0:00:02]} f4 {[%emt 0:00:01]} 16. Qxh5 {[%emt 0:00:03]} a5 {[%emt 0:00:00]} 17. Qh8# {[%emt 0:00:01] (Lag: Av=0.72s, max=0.9s) (Lag: Av=0.72s, max=0.9s) (Lag: Av=0.72s, max=0.9s)} 1-0